Промышленный туризм как перспективный вид развития туризма в России; Актуальные проблемы гуманитарных наук

Podrobná bibliografie
Parent link:Актуальные проблемы гуманитарных наук.— 2013.— [С. 77-78]
Hlavní autor: Седельникова И. В.
Shrnutí:Заглавие с экрана
Jazyk:ruština
Vydáno: 2013
Edice:Социально-культурный сервис и туризм
Témata:
On-line přístup:http://www.lib.tpu.ru/fulltext/c/2013/C20/037.pdf
Médium: MixedMaterials Elektronický zdroj Kapitola
KOHA link:https://koha.lib.tpu.ru/cgi-bin/koha/opac-detail.pl?biblionumber=239719

MARC

LEADER 00000naa2a2200000 4500
001 239719
005 20251208125559.0
035 |a (RuTPU)RU\TPU\book\260944 
035 |a RU\TPU\book\260939 
090 |a 239719 
100 |a 20130613d2013 k y0rusy50 ca 
101 0 |a rus 
102 |a RU 
135 |a drcn ---uucaa 
181 0 |a i  
182 0 |a b 
200 1 |a Промышленный туризм как перспективный вид развития туризма в России  |f И. В. Седельникова 
203 |a Текст  |c электронный 
215 |a 1 файл(383 Кб) 
225 1 |a Социально-культурный сервис и туризм 
300 |a Заглавие с экрана 
320 |a [Библиогр.: с. 78 (2 назв.)] 
337 |a Adobe Reader 
463 1 |0 (RuTPU)RU\TPU\book\259431  |t Актуальные проблемы гуманитарных наук  |o сборник научных трудов ХII Международной научно-практической конференции студентов, аспирантов и молодых ученых 3-6 апреля 2013 г., г. Томск  |f Национальный исследовательский Томский политехнический университет (ТПУ)  |v [С. 77-78]  |d 2013 
610 1 |a электронный ресурс 
610 1 |a труды учёных ТПУ 
610 1 |a промышленный туризм 
610 1 |a перспективность 
610 1 |a развитие 
610 1 |a туризм 
610 1 |a Россия 
700 1 |a Седельникова  |b И. В. 
801 1 |a RU  |b 63413507  |c 20101016 
801 2 |a RU  |b 63413507  |c 20130613  |g RCR 
856 4 |u http://www.lib.tpu.ru/fulltext/c/2013/C20/037.pdf 
942 |c CF